000 00746cam a22002411 4500
001 11377
003 BD-RjUL
005 20211208235120.0
008 140126r1963 ilu b 001 0 eng
035 _a(BD-RjUL)11426
035 _a(OCoLC)1112236
040 _aDLC
_cOAU
_dNcRS
_dOCoLC
_dDLC
_dBD-RjUL
_beng
041 _aeng
082 _a301.8
_bNAF 1963
100 1 _aNadel, S. F.
_q(Siegfried Frederick),
_d1903-1956.
_935175
245 1 4 _aThe foundations of social anthropology /
_cS. F. Nadel
260 _aGlencoe, Ill.:
_bFree Press,
_cc1951[ 4th imp. 1963].
300 _axi, 426 p. ;
_c22 cm.
504 _aBibliography: p. 409-414. and index.
650 0 _aSociology
_xMethodology.
_935176
942 _2ddc
_cBK
999 _c11377
_d11377